<?xml version="1.0" encoding="UTF-8"?>
<record
    xmlns:xsi="http://www.w3.org/2001/XMLSchema-instance"
    xsi:schemaLocation="http://www.loc.gov/MARC21/slim http://www.loc.gov/standards/marcxml/schema/MARC21slim.xsd"
    xmlns="http://www.loc.gov/MARC21/slim">

  <leader>00456nam a2200169Ia 4500</leader>
  <controlfield tag="008">230718s9999    xx            000 0 und d</controlfield>
  <datafield tag="041" ind1=" " ind2=" ">
    <subfield code="a">eng</subfield>
  </datafield>
  <datafield tag="082" ind1=" " ind2=" ">
    <subfield code="a">005.14</subfield>
    <subfield code="b">KAN</subfield>
  </datafield>
  <datafield tag="100" ind1=" " ind2=" ">
    <subfield code="a">Kan S.H.</subfield>
    <subfield code="9">115992</subfield>
  </datafield>
  <datafield tag="245" ind1=" " ind2=" ">
    <subfield code="a">Metrics And Models In Software Quality Engineering</subfield>
  </datafield>
  <datafield tag="250" ind1=" " ind2=" ">
    <subfield code="a">2nd ed.</subfield>
  </datafield>
  <datafield tag="260" ind1=" " ind2=" ">
    <subfield code="c">2004</subfield>
    <subfield code="b">Pearson </subfield>
  </datafield>
  <datafield tag="300" ind1=" " ind2=" ">
    <subfield code="a">528</subfield>
    <subfield code="d">Ref 967 C (16917)</subfield>
  </datafield>
  <datafield tag="365" ind1=" " ind2=" ">
    <subfield code="c">Rs.</subfield>
    <subfield code="b">280.00</subfield>
  </datafield>
  <datafield tag="700" ind1=" " ind2=" ">
    <subfield code="a">Kan S.H.</subfield>
    <subfield code="9">115992</subfield>
  </datafield>
  <datafield tag="906" ind1=" " ind2=" ">
    <subfield code="d">B:598/09.09.2005</subfield>
    <subfield code="c">COMP</subfield>
    <subfield code="b">56</subfield>
  </datafield>
  <datafield tag="999" ind1=" " ind2=" ">
    <subfield code="c">310977</subfield>
    <subfield code="d">310977</subfield>
  </datafield>
  <datafield tag="952" ind1=" " ind2=" ">
    <subfield code="0">0</subfield>
    <subfield code="1">0</subfield>
    <subfield code="4">0</subfield>
    <subfield code="7">0</subfield>
    <subfield code="a">CCEP</subfield>
    <subfield code="b">CCEP</subfield>
    <subfield code="d">2005-09-21</subfield>
    <subfield code="e">Goels Computer Hut</subfield>
    <subfield code="f">COMP</subfield>
    <subfield code="g">224.00</subfield>
    <subfield code="i">598/09.09.2005</subfield>
    <subfield code="l">0</subfield>
    <subfield code="o">005.14</subfield>
    <subfield code="p">CCEP-BK-22184</subfield>
    <subfield code="r">2023-07-18 00:00:00</subfield>
    <subfield code="t">56</subfield>
    <subfield code="v">280.00</subfield>
    <subfield code="w">2005-09-20</subfield>
    <subfield code="y">BK</subfield>
    <subfield code="z">022184</subfield>
  </datafield>
</record>
